000 04599cam a22013334i 4500
001 u49048
003 PE-LiUPU
005 20250813185559.0
008 150706s2007 sp a rb 000 0 spa d
020 _a9788427713994
035 _a(Sirsi) i9788427713994
040 _aPE-LiUPU
_bspa
_cPE-LiUPU
_erda
049 _aPRUA
082 0 4 _a378.126
_bZ16
_221
100 1 _aZabalza, Miguel Ángel,
_eautor.
245 1 0 _aCompetencias docentes del profesorado universitario :
_bcalidad y desarrollo profesional /
_cZabalza, Miguel Ángel.
250 _a2a
264 1 _aMadrid :
_bNarce,
_c2007.
300 _a229 páginas :
_bilustraciones ;
_c23 centímetros
336 _atext
_2rdacontent
337 _aunmediated
_2rdamedia
338 _avolume
_2rdacarrier
490 0 _aUniversitaria
504 _aIncluye bibliografía.
505 0 _aCurrículo formativo en la universidad -- Planes de estudio en la universidad -- Modelos curriculares aplicados a la universidad -- ¿Qué componentes incluye un currículo universitario? -- Innovación curricular en la universidad -- La enseñanza universitaria -- Importancia de la docencia en la formación universitaria -- Modelos de aproximación a la docencia -- Competencias profesionales del docente universitario -- Calidad de la docencia universitaria -- Propuesta práctica para la mejora de las clases -- Calidad de la docencia universitaria -- Las diez dimensiones de una docencia de calidad.
526 _aP202
526 _aP201
526 _aP163
526 _aP162
526 _aP161
526 _aP160
526 _aP148
526 _aP147
526 _aP146
526 _aP145
526 _aP144
526 _aP143
526 _aP142
526 _aP141
526 _aP140
526 _aP139
526 _aP138
526 _aP137
526 _aP136
526 _aP135
526 _aP134
526 _aP133
526 _aP129
526 _aP128
526 _aP127
526 _aP120
526 _aP119
526 _aP118
526 _aP116
526 _aP115
526 _aP114
526 _aP110
526 _aP109
526 _aP108
526 _aP104
526 _aP103
526 _aP102
526 _aP99
526 _aP98
526 _aP97
526 _aP96
526 _aP95
526 _aP93
526 _aP90
526 _aP89
526 _aP88
526 _aP83
526 _aP82
526 _aP62
526 _aP59
526 _aP58
526 _aP57
526 _aP51
526 _aP49
526 _aP48
526 _aP47
526 _aP29
526 _aP24
526 _aP20
526 _aP19
526 _aP17
526 _aP15
526 _aP14
526 _aP12
526 _aP10
526 _aP09
526 _aP08
526 _aP07
526 _aP06
526 _aP05
526 _aP04
526 _aP01
541 _g001-001039;
541 _g001-0039832;
596 _a1 2 3
650 0 4 _aEnseñanza superior
_xProgramas de estudio
_xPlanificación
650 0 4 _aProfesores universitarios
_xFormación profesional.
910 _agl
_bjv
_clch
_d20101115
910 _arlm
_b
_crlm
_d20150922
942 _2ddc
_cBOOK
994 _aC0
_bPEPRU
949 _a378 Z12
_wDEWEY
_c1
_iFJ05225
_f2017-12-28
_g1
_lCCODEBUJ1
_mBUJ
_p29.00
_r0
_sY
_tBOOK
_u2017-1-12
_xBIBLIOTECA
_zUNKNOWN
_0COMPRA
_o.STAFF. Colección General Juliaca
949 _a378.126 Z16
_wDEWEY
_c1
_iFT02955
_lCCODEBUT1
_mBUT
_p25.63
_r0
_sY
_tBOOK
_u2015-9-22
_xBIBLIOTECA
_zUNKNOWN
_0COMPRA
_o.STAFF. Colección General
949 _aPGE 378.126 Z16
_wDEWEY
_c1
_i62280
_f2018-2-8
_g2
_lCCODEBUL1
_mBUL
_p33.00
_r0
_sY
_tBOOK
_u2015-7-6
_xEDUCACION
_PP57
_0COMPRA
_o.CIRCNOTE. No olvidar cambiar la fecha de devolución!!!!!!!
_o.STAFF. Colección General
999 _aPGE 378.126 Z16
_wDEWEY
_c51353
_i62280
_f2021-11-8
_g5
_lCCODEBUL1
_mBUL
_p33.00
_r0
_sN
_tBOOK
_u2015-7-6
_xEDUCACION
_PP57
_0COMPRA
_o.CIRCNOTE. No olvidar cambiar la fecha de devolución!!!!!!!
_o.STAFF. Colección General
_d51353
999 _a378.126 Z16
_wDEWEY
_c1
_iFT02955
_f2019-2-20
_g1
_lCCODEBUT1
_mBUT
_p25.63
_r0
_sY
_tBOOK
_u2015-9-22
_xBIBLIOTECA
_zUNKNOWN
_0COMPRA
_o.STAFF. Colección General
999 _a378 Z12
_wDEWEY
_c1
_iFJ05225
_f2022-1-18
_g2
_lCCODEBUJ1
_mBUJ
_p29.00
_r0
_sY
_tBOOK
_u2017-1-12
_xBIBLIOTECA
_zUNKNOWN
_0COMPRA
_o.STAFF. Colección General Juliaca
980 _81
_gALBERTO SANCHEZ Responsable de Automatización